LEADER 00833nam0-22003011i-450- 001 990006480460403321 005 20001010 035 $a000648046 035 $aFED01000648046 035 $a(Aleph)000648046FED01 035 $a000648046 100 $a20001010d--------km-y0itay50------ba 101 0 $aita 105 $ay-------001yy 200 1 $aEthiopia's Embattled Revolutionaries$fDavid Hamilton 210 $aLondon$cInstitute for the Study of Conflict$d1977. 215 $a21 p. 30 cm 225 1 $aConflict Studies$v82 676 $a963 700 1$aHamilton,$bDavid$0381725 801 0$aIT$bUNINA$gRICA$2UNIMARC 901 $aBK 912 $a990006480460403321 952 $aCOLLEZ. 730 (82)$b18261$fFSPBC 959 $aFSPBC 996 $aEthiopia's Embattled Revolutionaries$9652998 997 $aUNINA DB $aGEN01 LEADER 00935nam0-2200325---450- 001 990004369070403321 005 20110623125530.0 010 $a88-222-5017-6 035 $a000436907 035 $aFED01000436907 035 $a(Aleph)000436907FED01 035 $a000436907 100 $a19990604d2001----km-y0itay50------ba 101 0 $aita 102 $aIT 105 $a--------001yy 200 1 $a<>Promessi sposi$eriduzioni teatrali$f[a cura di] Anne-Christine Faitrop-Porta 210 $aFirenze$cOlschki$d2001 215 $aLVI, 105 p.$d24 cm 225 1 $aTeatro$iStudi e testi$v11 610 0 $aManzoni, Alessandro$aI Promessi sposi$aRiduzioni teatrali 676 $a852.7 702 1$aFaitrop-Porta,$bAnne-Christine 801 0$aIT$bUNINA$gRICA$2UNIMARC 901 $aBK 912 $a990004369070403321 952 $a853.7 MANZ 13(16)$fFLFBC 959 $aFLFBC 996 $aPromessi sposi$958599 997 $aUNINA